000
00231 a2200097 4500
001
13074
100
_a
McMillin,S
245
_a
Restoration and Eighteenth-Century Comedy
260
_a
_b
W.W.Norton & Company
_c
090
_c
10075
_d
10075
942
_a
NUST-CAE
_c
M
_c
87
999
_c
248147
_d
248147